000 00341 a2200169 4500
001 191119
020 _a978-85-8217-411-1
040 _cMagnum
100 _aCunha, Leo
240 1 0 _aAbcenário
_lpor
245 1 0 _aAbcenário
300 _a30
362 0 _a2014
440 1 _aAutêntica
697 _aLITERATURA INFANTIL
942 _cBK
999 _c191119
_d191119